000 02524nam1a2200361 4500
001 RU\NLR\BIBL_A\011699652
005 20260407142521.0
010 _a9785773105480
035 _a(NLR Aleph) 011699652
090 _a11382296
_c11382296
100 _a20180515g20179999k y0rusy50 ca
101 0 _arus
_deng
102 _aRU
_aDE
105 _a z
200 1 _aПроблемы современных экономических, правовых и естественных наук в России
_eсборник статей VI Международной научно-практической конференции, 21-23 апреля 2017 года
_fФГБОУ ВО "Воронежский государственный технический университет", Европейская академия естественных наук (г. Ганновер, Германия) [и др.
_gредакционная коллегия: главный редактор - к.т.н., проф. С. А. Колодяжный и др.]
210 _aГанновер
_c[б. и.]
_aВоронеж
_cВоронежский государственный технический университет
_d2017
215 _d21
606 1 _aЕстественные науки
_jСъезды, совещания и т.п
_91204781
_3RU\NLR\AUTH\66488245
606 _aЭкономика
_jСъезды, совещания и т.п
_91414491
_3RU\NLR\AUTH\66284709
606 _aПраво
_jСъезды, совещания и т.п
_9894779
_3RU\NLR\AUTH\664055
686 1 _aБ.я431(0)
686 1 _aУ.я431
686 1 _aХ.я431
702 1 _aКолодяжный
_bС. А.
_gСергей Александрович
_4340
711 1 2 _a"Проблемы современных экономических, правовых и естественных наук в России", международная научно-практическая конференция
_d6
_eВоронеж
_f2017
_9604449
_3RU\NLR\AUTH\880471379
712 0 2 _4557
_aВоронежский государственный технический университет
_9361046
_3RU\NLR\AUTH\889932905
712 0 2 _4570
_aЕвропейская академия естественных наук
_cГанновер
_9673315
_3RU\NLR\AUTH\8810085709
852 _aNLR
_j2018-3/13189
942 _cBOOK
980 _aNBR